Countries with Hostile relations with the United States - Statistics

General Stats
  • This quiz has been taken 42 times
  • The average score is 41 of 60
Answer Stats
Hint Answer % Correct
Europe Russia
100%
1950-1991 Soviet Union
100%
Asia China
97%
1970–1990 South Yemen
97%
Asia Iran
94%
Asia (Tepid Relations/Factional) Yemen
94%
North America Cuba
91%
Africa (Tepid Relations/Factional) Libya
91%
Asia North Korea
91%
Asia Afghanistan
88%
1967-1974 Algeria
88%
Europe Belarus
88%
1990-2003 Iraq
88%
Africa (Tepid Relations/Factional) Somalia
88%
South America Venezuela
88%
1949-1990 East Germany
84%
1989-2001 Pakistan
84%
Africa Sudan
84%
1979-2024 Syria
84%
1975-1994 Vietnam
84%
1846-1848 Mexico
81%
Africa Niger
81%
1965-1977 Congo
78%
1965-1974 Egypt
78%
1941-1945 Germany
78%
1931-1945 Japan
78%
Asia (Tepid Relations) Laos
78%
Asia (Tepid Relations) Cambodia
75%
North America Nicaragua
75%
Africa Mali
72%
Asia Myanmar
72%
1990-2003 Serbia and Montenegro
72%
1949–1989 Hungary
69%
1969-1977, 1993-1998 Nigeria
69%
Africa (Tepid Relations) South Sudan
69%
Africa Eritrea
63%
1980-1992 Ethiopia
63%
1940s-1987 Mongolia
63%
Africa Zimbabwe
63%
1941-1945 Italy
59%
1947-1989 Poland
59%
1946–1990 Bulgaria
56%
Africa (Tepid Relations) Central African Republic
56%
1948-1990 Czechoslovakia
56%
1976-1993 Angola
53%
1975–1990 Benin
53%
1977-1983 Mozambique
53%
1972-1979 Uganda
53%
1986, 1993-1994 Haiti
50%
1988-1989 Panama
50%
1946-1990 Albania
47%
Africa (Tepid Relations) Burundi
47%
Africa (Tepid Relations) Burkina Faso
44%
1971-1980 Liberia
44%
2006-2019 Bolivia
38%
1979–1983 Grenada
38%
2012-2017 Ecuador
31%
2006 Kyrgyzstan
31%
1970-1973 Chile
28%
1976-1979 Equatorial Guinea
16%
No matching quizzes found
Score Distribution
Percent of People with Each Score
Percentile by Number Answered
Your Score History
You have not taken this quiz